| 000 | 00957nam a2200277Ia 4500 | ||
|---|---|---|---|
| 003 | OSt | ||
| 005 | 20220926011345.0 | ||
| 006 | a|||||r|||| 00| 0 | ||
| 007 | ta | ||
| 008 | 220923b |||||||| |||| 00| 0 eng d | ||
| 020 |
_a9780691164786 _c5227.25 |
||
| 037 |
_b69, 30/01/2019, CLASSIC BOOKS SERVICES _cGeneral Book |
||
| 040 |
_aRTL _cRTL _beng |
||
| 041 |
_2eng _aeng |
||
| 082 | _aX6xM83, Q5 | ||
| 100 |
_aGALI Jordi _9255425 |
||
| 245 | 0 |
_aMonetary policy, inflation, and the business cycle _b An introduction to the new Keynesian framework and Its application. |
|
| 250 | _a2nd. | ||
| 260 |
_aNew Jersey _bPrinceton University Press _c2015 |
||
| 300 |
_axii, 279p _ccm. |
||
| 490 | _aWorld Scientific Lecture Notes in Economics; vol.4 | ||
| 500 | _aBibliography: p 607-620 | ||
| 650 | _aEconomics | ||
| 942 |
_hX6xM83, Q5 _cGB _2CC |
||
| 999 |
_c619850 _d619850 |
||